000 00962nam a22002897a 4500
003 CHAP
005 20220817042604.0
008 971013s1985 r 00010 d
010 _a49027
011 _a49999
035 _a54149
040 _cCHAP
090 _aFolleto 9352
100 0 0 _aVerdeguer Monge, Antonio.
_9118846
245 _aEnfermedades generales producidas por hongos en las plantas ornamentales
260 _aMadrid :
_bMinisterio de Agricultura, Pesca y Alimentación,
_c1985
300 _a20 p.
_b: ilus.
490 _aHojas divulgadoras
_v; 4/85
590 _aBATCH-UPD
_b10
_c20130110
_lUCH01
_h2055
590 _aCONVERSION
_b10
_c20130109
_lUCH01
_h1327
650 1 4 _aPlantas ornamentales
_xEnfermedades por hongos.
_989064
830 0 _aHojas divulgadoras
_v; 4/85
901 _aBK
942 _cFOLL
949 _aFolleto 9352
_bBC
_cFOLL
_d-119629
_eTS1
_i54149
_mD
_si
949 _aFolleto 9352
_bBC
_cFOLL
_d-119630
_eTS2
_fc.2
_i54149
_mD
_si
999 _c49027
_d49027